El proceso de la comunicación: introducción a la teoría y a la práctica

Збережено в:
Бібліографічні деталі
Автор: Berlo, David K (Автор)
Формат: Книга
Мова:Іспанська
Опубліковано: Buenos Aires El Ateneo 1969
Редагування:1a. ed
Серія:Biblioteca Nuevas Orientaciones de la Educación
Предмети:
Теги: Додати тег
Немає тегів, Будьте першим, хто поставить тег для цього запису!

MARC

LEADER 00000nam a2200000 a 4500
001 UCV6805
003 CL-VaPUC
008 910826e19690000AG |||||||||||||||||spa|d
020 |a 9500262215 
082 0 4 |a 302.2  |b BER  |2 21 
100 0 |a Berlo, David K  |e author  |9 300832 
245 1 3 |a El proceso de la comunicación: introducción a la teoría y a la práctica 
250 |a 1a. ed 
300 |a 239 p 
942 |c BK 
945 |d 19910826 00:00:00  |a rbrito 
260 |a Buenos Aires  |b El Ateneo  |c 1969 
650 0 |a Comunicación   |9 257251 
650 0 |a Teoría de la información  |9 260744 
583 |a last modification  |c 19910826 00:00:00  |k Rodrigo Vera 
490 0 |a Biblioteca Nuevas Orientaciones de la Educación 
999 |c 212666  |d 212664 
952 |0 0  |1 0  |4 0  |6 302_200000000000000_BER_1969  |7 0  |8 A  |9 193976  |a FDOPOS  |b FDOPOS  |d 2019-11-14  |i 2621924  |o 302.2 BER 1969  |p 2621924  |r 2025-01-22  |w 2019-11-14  |y BK  |k MLA 
952 |0 0  |1 0  |4 0  |6 302_200000000000000_BER_1969  |7 0  |8 A  |9 193977  |a BIBCUR  |b BIBCUR  |d 2019-11-14  |i 3047423  |o 302.2 BER 1969  |p 3047423  |r 2025-04-22  |w 2019-11-14  |y BK  |k PER 
952 |0 0  |1 0  |4 0  |6 302_200000000000000_BER_1969  |7 0  |8 A  |9 193978  |a BIBEDU  |b BIBEDU  |d 2019-11-14  |i 1610945  |o 302.2 BER 1969  |p 1610945  |r 2019-11-14  |w 2019-11-14  |y BK  |k EDU 
952 |0 0  |1 0  |4 0  |6 302_200000000000000_BER_1969  |7 0  |8 A  |9 193979  |a BIBEDU  |b BIBEDU  |d 2019-11-14  |i 1610732  |o 302.2 BER 1969  |p 1610732  |r 2019-11-14  |w 2019-11-14  |y BK  |k EDU 
952 |0 0  |1 0  |4 0  |6 302_200000000000000_BER_1969  |7 0  |8 A  |9 193980  |a BIBING  |b BIBING  |d 2019-11-14  |i 1644963  |o 302.2 BER 1969  |p 1644963  |r 2025-01-20  |w 2019-11-14  |y BK  |k EII 
952 |0 0  |1 0  |4 0  |6 302_200000000000000_BER_1969  |7 0  |8 P  |9 193984  |a BIBGIM  |b BIBGIM  |d 2019-11-14  |i 194570K  |l 1  |o 302.2 BER 1969  |p 194570K  |r 2025-01-15  |s 2023-07-26  |w 2019-11-14  |y BK  |k SSL 
952 |0 0  |1 0  |4 0  |6 302_200000000000000_BER_1969  |7 0  |8 A  |9 193985  |a BIBCUR  |b BIBCUR  |d 2019-11-14  |i 3542912  |o 302.2 BER 1969  |p 3542912  |r 2025-04-22  |w 2019-11-14  |y BK  |k PER 
952 |0 0  |1 0  |4 0  |6 302_200000000000000_BER_1969  |7 0  |8 A  |9 193987  |a BIBEDU  |b BIBEDU  |d 2019-11-14  |i 3902471  |o 302.2 BER 1969  |p 3902471  |r 2019-11-14  |w 2019-11-14  |y BK  |k BME 
952 |0 0  |1 0  |4 0  |6 302_200000000000000_BER_1969  |7 0  |8 A  |9 193988  |a BIBTEO  |b BIBTEO  |d 2019-11-14  |i 4245806  |o 302.2 BER 1969  |p 4245806  |r 2025-01-17  |w 2019-11-14  |y BK  |k ICR 
952 |0 0  |1 0  |4 0  |6 302_200000000000000_BER_1969  |7 0  |8 A  |9 193989  |a FDOPOS  |b FDOPOS  |d 2019-11-14  |i 4410475  |o 302.2 BER 1969  |p 4410475  |r 2025-01-22  |w 2019-11-14  |y BK  |k MLA 
952 |0 0  |1 0  |4 0  |6 302_200000000000000_BER_1969  |7 0  |8 A  |9 193990  |a BIBEDU  |b BIBEDU  |d 2019-11-14  |i 4594509  |o 302.2 BER 1969  |p 4594509  |r 2019-11-14  |w 2019-11-14  |y BK  |k BME